[Event "Lleida Region-ch"]
[Site "Lleida"]
[Date "2021.11.28"]
[Round "8"]
[White "Cortiella Valles, Roger"]
[Black "Parramon Guillaumet, Jaime"]
[Result "1-0"]
[WhiteElo "1894"]
[BlackElo "1878"]
[PlyCount "43"]
[EventDate "2021.10.03"]
[EventType "swiss"]
[EventRounds "8"]
[EventCountry "ESP"]
[SourceTitle "EXT 2023"]
[Source "ChessBase"]
[SourceDate "2022.10.05"]
[SourceVersion "1"]
[SourceVersionDate "2022.10.05"]
[SourceQuality "1"]

1. e4 e5 2. Nf3 Nc6 3. Bc4 Nf6 4. d3 Bc5 5. c3 d6 6. Bb3 Bg4 7. Nbd2 Bb6 8. 0-0 Qd7 9. h3 Bxf3 10. Nxf3 Ne7 11. d4 exd4 12. e5 Nfd5 13. Bxd5 Nxd5 14. exd6 Qxd6 15. Re1+ Kf8 16. Nxd4 Bxd4 17. Qxd4 c5 18. Qg4 Qc6 19. Bg5 f6 20. Bh4 Kf7 21. Rad1 Nb6 22. Re7+ 1-0

[Event "Lleida Regional-ch"]
[Site "Lleida"]
[Date "2019.10.20"]
[Round "2"]
[White "Masague Artero, Guerau"]
[Black "Parramon Guillaumet, Jaime"]
[Result "1-0"]
[WhiteElo "2265"]
[BlackElo "1877"]
[PlyCount "67"]
[EventDate "2019.10.13"]
[EventType "swiss"]
[EventRounds "9"]
[EventCountry "ESP"]
[SourceTitle "CBM 193 Extra"]
[Source "ChessBase"]
[SourceDate "2020.01.31"]
[SourceVersion "1"]
[SourceVersionDate "2020.01.31"]
[SourceQuality "1"]

1. d4 d5 2. c4 c6 3. Nf3 Nf6 4. Nc3 dxc4 5. e4 b5 6. e5 Nd5 7. Ng5 Bf5 8. e6 fxe6 9. g4 Bg6 10. Bg2 Na6 11. 0-0 Qd7 12. Nf3 0-0-0 13. Ne5 Qd6 14. Qf3 Be8 15. a4 b4 16. Nxc4 Qc7 17. Ne4 h6 18. Ne5 g5 19. Nf7 Bg7 20. Nxd8 Kxd8 21. Be3 e5 22. Rad1 Rf8 23. Qe2 Qb7 24. dxe5 Bxe5 25. Qc4 Bf7 26. Ng3 Bd6 27. Qd4 Nac7 28. Qg7 Ke8 29. Nf5 Bf4 30. Bxf4 gxf4 31. Rfe1 Ne6 32. Qxh6 Qc7 33. Rxe6 Bxe6 34. Ng7+ 1-0

[Event "Lleida Province-ch"]
[Site "Tornabous"]
[Date "2014.10.12"]
[Round "2"]
[White "Montoliu Daroca, Imma"]
[Black "Parramon Guillaumet, Jaime"]
[Result "1/2-1/2"]
[WhiteElo "1961"]
[BlackElo "2103"]
[PlyCount "65"]
[EventDate "2014.10.05"]
[EventType "swiss"]
[EventRounds "9"]
[EventCountry "ESP"]
[SourceTitle "CBM 163 Extra"]
[Source "ChessBase"]
[SourceDate "2014.12.23"]
[SourceVersion "1"]
[SourceVersionDate "2014.12.23"]
[SourceQuality "1"]

1. c4 e5 2. Nc3 Nf6 3. g3 d5 4. cxd5 Nxd5 5. Bg2 Be6 6. e3 c6 7. Nge2 Be7 8. 0-0 0-0 9. d4 Bf6 10. e4 Nb6 11. dxe5 Bxe5 12. f4 Bf6 13. e5 Be7 14. b3 Na6 15. Ne4 Qxd1 16. Rxd1 Rad8 17. Be3 Nc8 18. N2c3 Nc7 19. Bc5 b6 20. Bxe7 Nxe7 21. Nd6 Ne8 22. Nce4 Bd5 23. Rac1 Nxd6 24. Nxd6 Bxg2 25. Kxg2 c5 26. Nb7 Rb8 27. Rd7 Nc6 28. Rcd1 Nd4 29. Nd6 a6 30. Ra7 Ra8 31. Rb7 Rab8 32. Ra7 Ra8 33. Rb7 1/2-1/2

[Event "Lleida Province-ch"]
[Site "Tornabous"]
[Date "2014.10.05"]
[Round "1"]
[White "Parramon Guillaumet, Jaime"]
[Black "Clua Guardia, Mariona"]
[Result "1-0"]
[WhiteElo "2103"]
[BlackElo "1808"]
[PlyCount "33"]
[EventDate "2014.10.05"]
[EventType "swiss"]
[EventRounds "9"]
[EventCountry "ESP"]
[SourceTitle "CBM 163 Extra"]
[Source "ChessBase"]
[SourceDate "2014.12.23"]
[SourceVersion "1"]
[SourceVersionDate "2014.12.23"]
[SourceQuality "1"]

1. e4 c5 2. c3 d6 3. d4 cxd4 4. cxd4 g6 5. Nc3 Bg7 6. Be3 Nf6 7. Bc4 0-0 8. f3 Nc6 9. Nge2 Bd7 10. Qd2 Re8 11. a3 Rc8 12. Ba2 a6 13. Bh6 Bh8 14. h4 Qc7 15. h5 Bg7 16. hxg6 Kf8 17. gxh7 1-0

[Event "Vallfogona Hostal Nou op"]
[Site "Vallfogona de Balaguer"]
[Date "2014.05.31"]
[Round "6"]
[White "Parramon Guillaumet, Jaime"]
[Black "Barbero Sendic, Alejandro"]
[Result "0-1"]
[WhiteElo "2059"]
[BlackElo "2416"]
[PlyCount "118"]
[EventDate "2014.04.26"]
[EventType "swiss"]
[EventRounds "8"]
[EventCountry "ESP"]
[SourceTitle "EXT 2015"]
[Source "ChessBase"]
[SourceDate "2014.11.20"]
[SourceVersion "1"]
[SourceVersionDate "2014.11.20"]
[SourceQuality "1"]

1. e4 e5 2. Nf3 d6 3. d4 exd4 4. Qxd4 a6 5. Bg5 Nc6 6. Bxd8 Nxd4 7. Nxd4 Kxd8 8. Bc4 Nh6 9. Nc3 c6 10. a4 Kc7 11. f3 f5 12. 0-0 Be7 13. Nce2 Bf6 14. c3 fxe4 15. fxe4 Ng4 16. Bb3 Re8 17. Ng3 c5 18. Nf3 Be6 19. Bxe6 Rxe6 20. Rfe1 Rae8 21. h3 Ne5 22. Re2 g6 23. Rd1 Nxf3+ 24. gxf3 Rf8 25. Red2 Bh4 26. Kg2 Ref6 27. Rf1 b5 28. axb5 axb5 29. b3 Re6 30. Rfd1 Re5 31. Rd5 Rxd5 32. Rxd5 Ra8 33. f4 Ra2+ 34. Kf3 Ra3 35. e5 Rxb3 36. Ne4 dxe5 37. Rxc5+ Kb6 38. fxe5 b4 39. Kg4 Be7 40. Rc8 h5+ 41. Kf4 Ra3 42. cxb4 Rxh3 43. Rb8+ Kc7 44. Rb5 Rb3 45. Nc5 g5+ 46. Kf5 Rf3+ 47. Ke6 Kc6 48. Ra5 Bf8 49. Ra6+ Kb5 50. Ra8 g4 51. Rb8+ Kc4 52. Nd7 g3 53. Rc8+ Kb3 54. Rc1 Bxb4 55. Nf6 h4 56. Ne4 g2 57. Rg1 h3 58. Ng5 h2 59. Nxf3 h1Q 0-1

[Event "Vallfogona Hostal Nou op"]
[Site "Vallfogona de Balaguer"]
[Date "2014.05.17"]
[Round "4"]
[White "Parramon Guillaumet, Jaime"]
[Black "Sole Gonzalez, Edgar"]
[Result "1-0"]
[WhiteElo "2059"]
[BlackElo "1942"]
[PlyCount "107"]
[EventDate "2014.04.26"]
[EventType "swiss"]
[EventRounds "8"]
[EventCountry "ESP"]
[SourceTitle "EXT 2015"]
[Source "ChessBase"]
[SourceDate "2014.11.20"]
[SourceVersion "1"]
[SourceVersionDate "2014.11.20"]
[SourceQuality "1"]

1. e4 e5 2. f4 exf4 3. Nf3 Nf6 4. Nc3 Bc5 5. d4 Bb6 6. Bxf4 d5 7. e5 Ng8 8. Qd3 Ne7 9. Bg5 Nbc6 10. a3 Bf5 11. Qd2 h6 12. Be3 Bg4 13. Be2 Nf5 14. Bf2 Bxf3 15. Bxf3 Nfxd4 16. Bxd5 Qd7 17. 0-0-0 0-0-0 18. Qf4 Ne6 19. Qg3 g6 20. Rd3 Bxf2 21. Qxf2 Kb8 22. Qe3 Qe8 23. Rhd1 Ne7 24. Bxe6 Rxd3 25. Rxd3 fxe6 26. Ne4 Nd5 27. Qf2 Qf8 28. Rf3 Qe8 29. Qc5 b6 30. Qc4 Rf8 31. Nf6 Nxf6 32. exf6 Qf7 33. Qf4 h5 34. h3 Rh8 35. b3 Rg8 36. g4 g5 37. Qe5 h4 38. c4 Rg6 39. b4 Kc8 40. c5 Kd8 41. c6 Ke8 42. Qd4 a6 43. Qd7+ Kf8 44. Qd8+ Qe8 45. Qxc7 e5 46. Qd6+ Kf7 47. Qd7+ Qxd7 48. cxd7 Rg8 49. Rd3 Rd8 50. Rd6 a5 51. Kd2 axb4 52. axb4 b5 53. Kd3 Kg8 54. Ke4 1-0

[Event "Vallfogona Hostal Nou op"]
[Site "Vallfogona de Balaguer"]
[Date "2014.05.10"]
[Round "3"]
[White "Monell Camarasa, David"]
[Black "Parramon Guillaumet, Jaime"]
[Result "1-0"]
[WhiteElo "2332"]
[BlackElo "2059"]
[PlyCount "145"]
[EventDate "2014.04.26"]
[EventType "swiss"]
[EventRounds "8"]
[EventCountry "ESP"]
[SourceTitle "EXT 2015"]
[Source "ChessBase"]
[SourceDate "2014.11.20"]
[SourceVersion "1"]
[SourceVersionDate "2014.11.20"]
[SourceQuality "1"]

1. d4 d5 2. c4 c6 3. Nf3 Nf6 4. Nc3 a6 5. e3 e6 6. Qc2 dxc4 7. Bxc4 b5 8. Bb3 Bb7 9. 0-0 Nbd7 10. e4 c5 11. dxc5 Bxc5 12. Bg5 Qb6 13. Bxf6 gxf6 14. a4 Rc8 15. axb5 axb5 16. Qd3 Bc6 17. Ne2 Rg8 18. Ned4 Ke7 19. Nxc6+ Rxc6 20. Rad1 Rd8 21. Qe2 Rg8 22. Rd3 Ne5 23. Nxe5 fxe5 24. Rfd1 Bd4 25. g3 Rg6 26. Kg2 Rf6 27. f4 Rc7 28. Qh5 Qb7 29. Qe2 exf4 30. gxf4 Ba7 31. Rf3 Rd7 32. Rxd7+ Qxd7 33. f5 Qd4 34. Rf1 Qe3 35. Qxe3 Bxe3 36. Bc2 Bd4 37. b3 e5 38. Bd3 b4 39. Rf3 h6 40. Rg3 Kf8 41. Kf3 Bc3 42. Kg4 Bd4 43. Rg2 Bc3 44. Ra2 Kg7 45. Bc4 Kf8 46. Ra7 Kg8 47. Rb7 Kf8 48. h4 Kg8 49. Bd5 Kf8 50. h5 Kg8 51. Kf3 Kf8 52. Ke2 Kg8 53. Rb8+ Kg7 54. Kd3 Be1 55. Kc4 Bd2 56. Kb5 Bc3 57. Re8 Kh7 58. Bc6 Kg7 59. Kb6 Bd4+ 60. Kc7 Bc3 61. Rb8 Be1 62. Kd7 Bd2 63. Bd5 Be1 64. Ke8 Bc3 65. Rb7 Kg8 66. Bxf7+ Kh8 67. Bg6 Kg8 68. Ke7 Kg7 69. Ke8+ Kg8 70. Bf7+ Kg7 71. Be6+ Kh8 72. Ke7 Kg7 73. Rb8 1-0

[Event "Vallfogona Hostal Nou op"]
[Site "Vallfogona de Balaguer"]
[Date "2014.04.26"]
[Round "1"]
[White "Monfa Escola, Joel"]
[Black "Parramon Guillaumet, Jaime"]
[Result "0-1"]
[WhiteElo "1772"]
[BlackElo "2059"]
[PlyCount "90"]
[EventDate "2014.04.26"]
[EventType "swiss"]
[EventRounds "8"]
[EventCountry "ESP"]
[SourceTitle "EXT 2015"]
[Source "ChessBase"]
[SourceDate "2014.11.20"]
[SourceVersion "1"]
[SourceVersionDate "2014.11.20"]
[SourceQuality "1"]

1. d3 d5 2. a3 e5 3. Nf3 Nc6 4. e3 Nf6 5. Be2 Bd6 6. 0-0 0-0 7. Nbd2 a5 8. c4 e4 9. dxe4 dxe4 10. Ne1 Qe7 11. g3 Qe5 12. Ng2 Bh3 13. Re1 Bxg2 14. Kxg2 h5 15. Nb3 Rfd8 16. Qc2 h4 17. Bd2 Qg5 18. Nd4 Ne5 19. c5 Bf8 20. b4 axb4 21. axb4 c6 22. f4 exf3+ 23. Nxf3 Nxf3 24. Bxf3 Qg6 25. Qxg6 fxg6 26. Bc3 Rxa1 27. Rxa1 Nd5 28. Bxd5+ Rxd5 29. Bd4 Be7 30. g4 Bf6 31. Rd1 Kf7 32. Kf3 Ke6 33. Ke2 h3 34. Rd3 Be5 35. Bxe5 Kxe5 36. Rxd5+ Kxd5 37. Kd3 g5 38. e4+ Ke5 39. Ke3 g6 40. Kd3 Kf4 41. Kd4 Kxg4 42. Ke5 Kf3 43. Kd4 Kf4 44. e5 Kf5 45. b5 g4 0-1

[Event "Lleida Province-ch"]
[Site "Balaguer"]
[Date "2013.11.10"]
[Round "6"]
[White "Parramon Guillaumet, Jaime"]
[Black "Pareja Guerrero, Francisco J"]
[Result "0-1"]
[WhiteElo "1942"]
[BlackElo "1683"]
[PlyCount "62"]
[EventDate "2013.10.06"]
[EventType "swiss"]
[EventRounds "9"]
[EventCountry "ESP"]
[SourceTitle "CBM 157 Extra"]
[Source "ChessBase"]
[SourceDate "2013.12.19"]
[SourceVersion "1"]
[SourceVersionDate "2013.12.19"]
[SourceQuality "1"]

1. e4 e6 2. d4 d5 3. Nc3 Bb4 4. e5 c5 5. a3 Bxc3+ 6. bxc3 Qa5 7. Bd2 Qa4 8. Qg4 g6 9. Qf4 Qxc2 10. Nf3 Ne7 11. dxc5 Nbc6 12. Bb5 Bd7 13. Bxc6 Bxc6 14. 0-0 h6 15. Nd4 Qa4 16. Qf6 Rh7 17. g4 Kd7 18. f4 Qc4 19. f5 gxf5 20. gxf5 Rg8+ 21. Kh1 Nxf5 22. Rxf5 Rg6 23. Qh4 exf5 24. Qh3 Ke8 25. Re1 Bd7 26. Qf3 Qxc5 27. h4 Rhg7 28. Kh2 Rg4 29. Kh3 Qe7 30. Qf2 f4 31. e6 Rg3+ 0-1

[Event "Lleida Province-ch"]
[Site "Balaguer"]
[Date "2013.10.20"]
[Round "3"]
[White "Quintas Galeano, Lluis"]
[Black "Parramon Guillaumet, Jaime"]
[Result "1-0"]
[WhiteElo "2125"]
[BlackElo "1942"]
[PlyCount "57"]
[EventDate "2013.10.06"]
[EventType "swiss"]
[EventRounds "9"]
[EventCountry "ESP"]
[SourceTitle "CBM 157 Extra"]
[Source "ChessBase"]
[SourceDate "2013.12.19"]
[SourceVersion "1"]
[SourceVersionDate "2013.12.19"]
[SourceQuality "1"]

1. e4 e6 2. d4 a6 3. c4 d5 4. Nc3 Nf6 5. e5 Ne4 6. Nf3 Nxc3 7. bxc3 c5 8. Bd3 Nc6 9. 0-0 dxc4 10. Bxc4 b5 11. Bd3 Bb7 12. Be4 Qc7 13. d5 Nxe5 14. d6 Nxf3+ 15. Qxf3 Bxe4 16. Qxe4 Qc8 17. Rd1 Kd7 18. a4 bxa4 19. Rb1 Ra7 20. Qxa4+ Qc6 21. Qf4 f6 22. Be3 Bxd6 23. Qg4 g5 24. Qc4 Ke7 25. Rxd6 Kxd6 26. Rd1+ Kc7 27. Bxc5 Rb7 28. Bd6+ Kb6 29. Qd4+ 1-0

[Event "Lleida Province-ch"]
[Site "Balaguer"]
[Date "2013.10.13"]
[Round "2"]
[White "Parramon Guillaumet, Jaime"]
[Black "Ruiz Garcia, Lluis"]
[Result "1-0"]
[WhiteElo "1942"]
[BlackElo "1693"]
[PlyCount "63"]
[EventDate "2013.10.06"]
[EventType "swiss"]
[EventRounds "9"]
[EventCountry "ESP"]
[SourceTitle "CBM 157 Extra"]
[Source "ChessBase"]
[SourceDate "2013.12.19"]
[SourceVersion "1"]
[SourceVersionDate "2013.12.19"]
[SourceQuality "1"]

1. Nf3 Nc6 2. g3 d5 3. Bg2 e5 4. d3 Nf6 5. 0-0 Be7 6. Nbd2 Bg4 7. h3 Bf5 8. Nh4 Bg6 9. c3 Qd7 10. a4 a5 11. Qb3 b6 12. Qb5 0-0 13. Nxg6 fxg6 14. c4 Rad8 15. cxd5 Nd4 16. Qxd7 Nxe2+ 17. Kh2 Rxd7 18. Re1 Nxc1 19. Raxc1 Bd6 20. Re2 Re7 21. Nc4 Nd7 22. Nxd6 cxd6 23. Rc6 Nc5 24. d4 Nd3 25. f4 Rd7 26. dxe5 dxe5 27. fxe5 Nb4 28. Rxb6 Nxd5 29. Rb5 Nb4 30. Rxa5 Re7 31. Rb5 Nd3 32. e6 1-0

[Event "Lleida Province-ch"]
[Site "Lleida"]
[Date "2012.10.07"]
[Round "1"]
[White "Llavall Sans, Daniel"]
[Black "Parramon Guillaumet, Jaime"]
[Result "1-0"]
[WhiteElo "2090"]
[BlackElo "1888"]
[PlyCount "55"]
[EventDate "2012.10.07"]
[EventType "swiss"]
[EventRounds "9"]
[EventCountry "ESP"]
[SourceTitle "EXT 2015"]
[Source "ChessBase"]
[SourceDate "2014.11.20"]
[SourceVersion "1"]
[SourceVersionDate "2014.11.20"]
[SourceQuality "1"]

1. d3 b6 2. Nf3 Bb7 3. e4 d5 4. Nbd2 dxe4 5. dxe4 g6 6. Bc4 e6 7. Qe2 Bg7 8. 0-0 Nf6 9. Rd1 Qe7 10. a4 a5 11. e5 Nfd7 12. Ne4 h6 13. Bf4 0-0 14. Qe3 Bxe4 15. Qxe4 Na6 16. c3 Ndc5 17. Qe2 Rfd8 18. Rxd8+ Qxd8 19. Rd1 Qe8 20. Nd4 c6 21. Qf3 Rd8 22. Re1 Nb8 23. b3 Kh7 24. h4 Qd7 25. h5 Re8 26. Bc1 Qc7 27. Ba3 Bxe5 28. Rxe5 1-0

[Event "Balaguer op 17th"]
[Site "Balaguer"]
[Date "2012.06.24"]
[Round "9"]
[White "Parramon Guillaumet, Jaime"]
[Black "Vera Balague, Gabriel"]
[Result "1/2-1/2"]
[WhiteElo "1873"]
[BlackElo "2031"]
[PlyCount "91"]
[EventDate "2012.06.16"]
[EventType "swiss"]
[EventRounds "9"]
[EventCountry "ESP"]
[SourceTitle "EXT 2013"]
[Source "ChessBase"]
[SourceDate "2012.11.22"]
[SourceVersion "1"]
[SourceVersionDate "2012.11.22"]
[SourceQuality "1"]

1. d4 Nf6 2. e3 e6 3. Bd3 Be7 4. f4 b6 5. Nf3 Bb7 6. Nbd2 a5 7. 0-0 d5 8. Ne5 0-0 9. Qf3 Nbd7 10. g4 Ne4 11. Nxe4 dxe4 12. Bxe4 Nxe5 13. fxe5 Bxe4 14. Qxe4 Qd7 15. Bd2 Qb5 16. b3 Qd7 17. Rf3 f6 18. exf6 Bxf6 19. Raf1 Be7 20. c4 c6 21. Be1 Rxf3 22. Rxf3 Rd8 23. Bg3 b5 24. Be5 a4 25. Qc2 axb3 26. axb3 bxc4 27. bxc4 Ra8 28. Rf1 Bg5 29. Qf2 Qe7 30. c5 Rf8 31. Qxf8+ Qxf8 32. Rxf8+ Kxf8 33. Kf2 g6 34. Ke2 Ke8 35. Kd3 Kd7 36. e4 Be7 37. Kc4 Bg5 38. d5 Be3 39. d6 Bf2 40. Bd4 Bh4 41. e5 Be1 42. Kd3 Bh4 43. Ke4 Bg5 44. Be3 Bd8 45. g5 Ba5 46. Kd3 1/2-1/2